000 00589cam a22002291 4500
001 sa 67007698
003 DLC
005 20260227112417.0
008 890918s1967 ii a 000 0 urdr
010 _asa 67007698
035 _a(OCoLC)20360882
040 _aDLC
_cWaU
_dDLC
042 _apremarc
043 _aa-su---
050 0 0 _aBP187.3
_b.Y3
100 0 _aYaʻqūb Sarosh,
_d1926-
245 1 0 _aEk manzil, kaʼī qāfile.
260 _c1966 [i.e. 1967]
300 _a160 p.
_billus.
_c18 cm.
500 _aIn Urdu.
650 0 _aPilgrims and pilgrimages
_zSaudi Arabia
_zMecca.
999 _c76736
_d76736